[Event "Summer Prague Open 2023 - B"]
[Site "Olympik hotel, Sokolovska 138, Praha"]
[Date "2023.08.04"]
[Round "1"]
[Board "10"]
[White "Milla, Diego Francisco"]
[Black "Jakus, Lubomir"]
[Result "1-0"]
[WhiteElo "1826"]
[BlackElo "1419"]
[PlyCount "43"]
[EventDate "2023.08.04"]
[EventRounds "9"]
[EventCountry "CZE"]

1. e4 e5 2. Nf3 Nc6 3. Bc4 f5 4. d4 fxe4 5. Nxe5 Nxe5 6. dxe5 d5 7. Qxd5 Qxd5 8.
Bxd5 Ne7 9. Bxe4 c6 10. Nc3 Bf5 11. Bd2 O-O-O 12. O-O-O g6 13. Bg5 Bxe4 14. Nxe4
Rxd1+ 15. Rxd1 Nd5 16. c4 h6 17. cxd5 hxg5 18. d6 b6 19. e6 Bg7 20. d7+ Kd8 21. Nd6
Rf8 22. Nf7+  1-0

[Event "Summer Prague Open 2023 - B"]
[Site "Olympik hotel, Sokolovska 138, Praha"]
[Date "2023.08.05"]
[Round "2"]
[Board "1"]
[White "Ilandzis, Spyridon"]
[Black "Grumbach, Justus"]
[Result "1-0"]
[WhiteElo "1936"]
[BlackElo "1574"]
[PlyCount "59"]
[EventDate "2023.08.04"]
[EventRounds "9"]
[EventCountry "CZE"]

1. b3 d5 2. Bb2 Nf6 3. e3 Bf5 4. f4 h6 5. Nf3 e6 6. Be2 c5 7. O-O Nc6 8. Ne5 Bh7
9. Bb5 Qb6 10. a4 a6 11. a5 Qc7 12. Bxc6+ bxc6 13. d3 Be7 14. Rf3 O-O 15. Rg3 Rad8
16. Nd2 Kh8 17. Ng4 Bg6 18. Ra4 Bh5 19. h3 Rg8 20. Nf3 Rb8 21. Nfe5 Bd6 22. Qa1 Bxg4
23. hxg4 Rbf8 24. g5 Ne8 25. gxh6 Nf6 26. hxg7+ Rxg7 27. Ng4 Ne8 28. Bxg7+ Nxg7 29.
Rh3+ Kg8 30. Nf6#  1-0

[Event "Summer Prague Open 2023 - B"]
[Site "Olympik hotel, Sokolovska 138, Praha"]
[Date "2023.08.05"]
[Round "2"]
[Board "2"]
[White "Mielke, Torsten"]
[Black "Jaeger, Andre"]
[Result "0-1"]
[WhiteElo "1546"]
[BlackElo "1930"]
[PlyCount "92"]
[EventDate "2023.08.04"]
[EventRounds "9"]
[EventCountry "CZE"]

1. e4 c5 2. f4 e6 3. Nf3 Nc6 4. d3 d5 5. e5 Nh6 6. Be2 Be7 7. O-O O-O 8. c3 a6 9.
Qe1 b5 10. Bd1 Bb7 11. Kh1 Rc8 12. Be3 d4 13. cxd4 Nf5 14. Bg1 Ncxd4 15. Nc3 Nh4
16. Ne4 Ndxf3 17. Rxf3 Nxf3 18. Bxf3 Bd5 19. Qg3 Kh8 20. Rf1 f5 21. exf6 gxf6 22.
Nc3 Bxf3 23. Rxf3 Rg8 24. Qe1 Qd7 25. Re3 Rc6 26. Ne2 Qd5 27. Ng3 Qxa2 28. Rf3 Qd5
29. Ne4 f5 30. Nc3 Qd8 31. Rh3 Bf6 32. Nd1 Rg7 33. Qe2 Qg8 34. Be3 Bd4 35. g3 Qd8
36. Kg1 Bxe3+ 37. Nxe3 Qd4 38. Kf1 Rd6 39. g4 Qxf4+ 40. Rf3 Qd4 41. gxf5 Qxd3 42.
f6 Qb1+ 43. Nd1 Rxd1+ 44. Kf2 Rf7 45. Qxe6 Rd2+ 46. Kg3 Qg6+  0-1

[Event "Summer Prague Open 2023 - B"]
[Site "Olympik hotel, Sokolovska 138, Praha"]
[Date "2023.08.05"]
[Round "2"]
[Board "3"]
[White "Chinguun, Otgonbayar"]
[Black "Dobsa, Emma"]
[Result "1-0"]
[WhiteElo "1914"]
[BlackElo "1550"]
[PlyCount "77"]
[EventDate "2023.08.04"]
[EventRounds "9"]
[EventCountry "CZE"]

1. d4 d5 2. c4 c6 3. Nc3 dxc4 4. a4 Nf6 5. Nf3 Bf5 6. e3 e6 7. Bxc4 Bd6 8. O-O O-O
9. h3 h6 10. Qe2 Ne4 11. Bd3 Nxc3 12. bxc3 Bxd3 13. Qxd3 Nd7 14. Rd1 Bc7 15. c4 Re8
16. Bb2 c5 17. dxc5 Nxc5 18. Qc3 Qf6 19. Qxf6 gxf6 20. Bxf6 Ne4 21. Bb2 Rac8 22.
Rd4 f5 23. g4 Bb6 24. Rd7 Rxc4 25. Nh4 Rc7 26. Rad1 Re7 27. Rxe7 Rxe7 28. gxf5 exf5
29. Nxf5 Re6 30. Rd7 Rg6+ 31. Kf1 Nc5 32. Rd5 Kf7 33. a5 Na4 34. axb6 Nxb2 35. bxa7
Ra6 36. Rb5 Ra1+ 37. Kg2 Nc4 38. Rxb7+ Kg6 39. Ne7+  1-0

[Event "Summer Prague Open 2023 - B"]
[Site "Olympik hotel, Sokolovska 138, Praha"]
[Date "2023.08.05"]
[Round "2"]
[Board "4"]
[White "Brabec, Simon"]
[Black "Machala, Vladislav"]
[Result "1-0"]
[WhiteElo "1521"]
[BlackElo "1860"]
[PlyCount "69"]
[EventDate "2023.08.04"]
[EventRounds "9"]
[EventCountry "CZE"]

1. e4 c6 2. d4 d6 3. f4 Nd7 4. Nf3 Qc7 5. Bd3 e5 6. c3 Ngf6 7. O-O Be7 8. Na3 O-O
9. fxe5 dxe5 10. Nc4 exd4 11. cxd4 b5 12. Ne3 Nb6 13. Qc2 h6 14. Bxb5 Bb7 15. Bd3
Rfe8 16. Nf5 Bf8 17. N3h4 Rac8 18. Qe2 Re6 19. e5 c5 20. Nxh6+ gxh6 21. Rxf6 Rxf6
22. exf6 Qd6 23. Qg4+ Kh8 24. Qf5 Qxd4+ 25. Be3 Qxe3+ 26. Kh1 Qxd3 27. Qxd3 Nd5 28.
Re1 c4 29. Qg3 Nb4 30. Nf5 Nd3 31. Re7 Bd5 32. Nd6 Rd8 33. Nxf7+ Bxf7 34. Rxf7 Nf2+
35. Kg1  1-0

[Event "Summer Prague Open 2023 - B"]
[Site "Olympik hotel, Sokolovska 138, Praha"]
[Date "2023.08.05"]
[Round "2"]
[Board "5"]
[White "Svetly, Jiri"]
[Black "Bondarenko, Vova"]
[Result "0-1"]
[WhiteElo "1850"]
[BlackElo "1545"]
[PlyCount "76"]
[EventDate "2023.08.04"]
[EventRounds "9"]
[EventCountry "CZE"]

1. d4 Nf6 2. c4 g6 3. Nc3 d6 4. e4 b6 5. Bg5 Nbd7 6. f4 Bb7 7. Bd3 Bg7 8. Nf3 c5
9. d5 h6 10. Bh4 O-O 11. O-O a6 12. h3 Qc7 13. a4 Rac8 14. Re1 Nh7 15. g4 e5 16.
dxe6 fxe6 17. Bg3 e5 18. fxe5 Nxe5 19. Nxe5 Bxe5 20. Bxe5 dxe5 21. Qd2 Ng5 22. Be2
Nxh3+ 23. Kh2 Nf4 24. Bf3 Qe7 25. Kg3 Qg5 26. Qe3 h5 27. Nd5 Ba8 28. Rg1 hxg4 29.
Bh1 Nh5+ 30. Kg2 Qh4 31. Rgf1 g3 32. Rxf8+ Rxf8 33. Ne7+ Kh7 34. Nf5 gxf5 35. Kf1
Qxh1+ 36. Ke2 Qxa1 37. Qg5 Qxb2+ 38. Kd3 fxe4+  0-1

[Event "Summer Prague Open 2023 - B"]
[Site "Olympik hotel, Sokolovska 138, Praha"]
[Date "2023.08.05"]
[Round "2"]
[Board "6"]
[White "Guggenheim, Hans"]
[Black "Kleprlik, Jan"]
[Result "1-0"]
[WhiteElo "1845"]
[BlackElo "1518"]
[PlyCount "77"]
[EventDate "2023.08.04"]
[EventRounds "9"]
[EventCountry "CZE"]

1. d4 d5 2. c4 e6 3. Nf3 Nf6 4. g3 Nc6 5. Bg2 Bb4+ 6. Bd2 Bxd2+ 7. Nbxd2 O-O 8. O-O
Ne7 9. Qc2 c6 10. Rfd1 Re8 11. Ne5 Ng6 12. Nxg6 hxg6 13. Nf3 Nd7 14. e4 dxe4 15.
Qxe4 Qf6 16. Rd2 Nb6 17. Ne5 Rd8 18. Rad1 Bd7 19. c5 Nd5 20. Nc4 Rab8 21. Rd3 b5
22. Rf3 Qe7 23. Nd6 f5 24. Qe5 Qf6 25. Ra3 Ra8 26. f4 a6 27. Re1 Ne7 28. Re2 Ra7
29. Rc3 Nd5 30. Bxd5 exd5 31. Qxf6 gxf6 32. Re7 Rf8 33. Rce3 a5 34. Kf2 b4 35. h4
a4 36. Re1 a3 37. b3 Kh8 38. h5 gxh5 39. Rh1  1-0

[Event "Summer Prague Open 2023 - B"]
[Site "Olympik hotel, Sokolovska 138, Praha"]
[Date "2023.08.05"]
[Round "2"]
[Board "7"]
[White "Shtyntsov, Victor"]
[Black "Enkhjin, Otgonbayar"]
[Result "1/2-1/2"]
[WhiteElo "1819"]
[BlackElo "1508"]
[PlyCount "108"]
[EventDate "2023.08.04"]
[EventRounds "9"]
[EventCountry "CZE"]

1. d4 Nf6 2. Nf3 g6 3. c4 Bg7 4. Nc3 c6 5. e3 d6 6. Bd3 Bg4 7. h3 Bxf3 8. Qxf3 Nbd7
9. Bd2 Qc7 10. O-O O-O 11. Rac1 h6 12. b4 a6 13. Qg3 Nh5 14. Qh2 Kh7 15. c5 f5 16.
Be2 Nhf6 17. f4 Rad8 18. g4 dxc5 19. bxc5 Nxc5 20. gxf5 gxf5 21. Bc4 Nfe4 22. Be1
Nxc3 23. Bxc3 Ne4 24. Bd3 Nxc3 25. Rxc3 Rxd4 26. exd4 Bxd4+ 27. Kh1 Bxc3 28. Qc2
Bd4 29. Bxf5+ Kh8 30. Qe4 Bf6 31. Be6 Bg7 32. Qg6 Qd6 33. Rg1 Qd4 34. Bf5 Qd5+ 35.
Be4 Qg8 36. f5 Rf6 37. Qg2 Qf7 38. Qd2 Rd6 39. Qg2 Bf6 40. Qg6 Qf8 41. Qg2 e6 42.
Qc2 exf5 43. Bxf5 Bg5 44. Qb2+ Rf6 45. Rd1 Qc5 46. Rd8+ Kg7 47. Qxb7+ Rf7 48. Qb2+
Bf6 49. Qg2+ Bg5 50. Qb2+ Bf6 51. Qg2+ Bg5 52. Qb2+ Bf6 53. Qg2+ Bg5 54. Qb2+ Rf6
 1/2-1/2

[Event "Summer Prague Open 2023 - B"]
[Site "Olympik hotel, Sokolovska 138, Praha"]
[Date "2023.08.05"]
[Round "2"]
[Board "8"]
[White "Nguyen, Thai Dang Vi"]
[Black "Klimek, Petr"]
[Result "1-0"]
[WhiteElo "1505"]
[BlackElo "1817"]
[PlyCount "95"]
[EventDate "2023.08.04"]
[EventRounds "9"]
[EventCountry "CZE"]

1. e4 e6 2. d4 d5 3. exd5 exd5 4. Nf3 Bd6 5. Bd3 Nf6 6. O-O O-O 7. Bg5 Bg4 8. h3
Bh5 9. Nbd2 Nbd7 10. c3 c6 11. Qc2 Qc7 12. Rfe1 Rae8 13. b3 Bg6 14. Bxg6 hxg6 15.
Rxe8 Rxe8 16. Re1 Rxe1+ 17. Nxe1 Bh2+ 18. Kh1 Bf4 19. Bxf4 Qxf4 20. Nd3 Qf5 21. Kg1
Ne4 22. Nxe4 dxe4 23. Nb2 Nf6 24. Nc4 Qf4 25. Qd2 Qxd2 26. Nxd2 Kf8 27. Kf1 Ke7 28.
Ke2 Nd5 29. Nxe4 f5 30. c4 fxe4 31. cxd5 cxd5 32. f3 exf3+ 33. Kxf3 g5 34. Kg3 Kf7
35. Kg4 Kg6 36. a3 b5 37. a4 bxa4 38. bxa4 a5 39. g3 Kf6 40. h4 gxh4 41. gxh4 Kg6
42. h5+ Kh6 43. Kh4 g6 44. hxg6 Kxg6 45. Kg4 Kf6 46. Kf4 Ke6 47. Kg5 Kd6 48. Kf6
 1-0

[Event "Summer Prague Open 2023 - B"]
[Site "Olympik hotel, Sokolovska 138, Praha"]
[Date "2023.08.05"]
[Round "2"]
[Board "9"]
[White "Pokorny, Jiri"]
[Black "Ashton, Alannah"]
[Result "0-1"]
[WhiteElo "1813"]
[BlackElo "1499"]
[PlyCount "60"]
[EventDate "2023.08.04"]
[EventRounds "9"]
[EventCountry "CZE"]

1. e4 c5 2. Nf3 d6 3. d4 cxd4 4. Nxd4 Nf6 5. Nc3 g6 6. f3 Bg7 7. Be3 O-O 8. Qd2 Nc6
9. Bc4 Bd7 10. h4 h5 11. O-O-O Ne5 12. Bb3 a5 13. Bh6 a4 14. Bd5 e6 15. Bxg7 Kxg7
16. f4 exd5 17. fxe5 dxe5 18. Nf3 d4 19. Ne2 Nxe4 20. Qe1 Qe7 21. Rf1 a3 22. b3 Rac8
23. Ng3 Nxg3 24. Qxg3 Rxc2+ 25. Kb1 Rb2+ 26. Ka1 Rc8 27. Nxe5 Rcc2 28. Nd3 Rxa2+
29. Kb1 Bb5 30. Rf2 Bxd3  0-1

[Event "Summer Prague Open 2023 - B"]
[Site "Olympik hotel, Sokolovska 138, Praha"]
[Date "2023.08.05"]
[Round "2"]
[Board "10"]
[White "Jun, Robert"]
[Black "Samartzis, Mihail"]
[Result "0-1"]
[WhiteElo "1486"]
[BlackElo "1786"]
[PlyCount "84"]
[EventDate "2023.08.04"]
[EventRounds "9"]
[EventCountry "CZE"]

1. e4 e6 2. d4 d5 3. exd5 exd5 4. c4 Bb4+ 5. Nc3 Nf6 6. a3 Bxc3+ 7. bxc3 Ne4 8. Qc2
O-O 9. Bd3 Re8 10. Be3 c5 11. Ne2 cxd4 12. Bxd4 Nc6 13. O-O Nxd4 14. Nxd4 Nf6 15.
Rfe1 Rxe1+ 16. Rxe1 Bg4 17. h3 Bh5 18. Nf5 Bg6 19. Ne7+ Kf8 20. Nxg6+ hxg6 21. cxd5
Qxd5 22. c4 Qc5 23. Rb1 b6 24. Rb3 Re8 25. Qc3 Qe5 26. Qxe5 Rxe5 27. Kf1 Ke7 28.
f4 Ra5 29. g4 Nd7 30. Ke2 Nc5 31. Rc3 Na4 32. Rb3 g5 33. f5 Kd6 34. Kd2 Nc5 35. Rc3
f6 36. Bc2 Ke5 37. Ke3 Nb7 38. Be4 Nd6 39. Bd5 b5 40. Kd3 Ra4 41. Be6 Ne4 42. Rb3
Nc5+  0-1

[Event "Summer Prague Open 2023 - B"]
[Site "Olympik hotel, Sokolovska 138, Praha"]
[Date "2023.08.06"]
[Round "3"]
[Board "1"]
[White "Michel, Ladislav"]
[Black "Ilandzis, Spyridon"]
[Result "1/2-1/2"]
[WhiteElo "1626"]
[BlackElo "1936"]
[PlyCount "113"]
[EventDate "2023.08.04"]
[EventRounds "9"]
[EventCountry "CZE"]

1. d4 Nf6 2. Bf4 d6 3. e3 g6 4. h3 Bg7 5. Nf3 O-O 6. Be2 Nc6 7. O-O Qe8 8. Bh2 e5
9. dxe5 dxe5 10. c3 Bf5 11. Qb3 Be6 12. Qa3 Ne4 13. Nbd2 Nd6 14. Ng5 Bf5 15. e4 Bd7
16. Nc4 Nb5 17. Qb3 h6 18. Nf3 Qe7 19. a4 Nd6 20. Nxd6 cxd6 21. a5 Rac8 22. Rfd1
Be6 23. Qa3 Rfd8 24. c4 f5 25. exf5 gxf5 26. Rac1 e4 27. Ne1 Bd4 28. Bf4 Qg7 29.
Rc2 Bc5 30. Qa1 Nd4 31. b4 Nxe2+ 32. Rxe2 Qxa1 33. Rxa1 Bxb4 34. Bxh6 Bxc4 35. Re3
Kh7 36. Bg5 Rg8 37. Rg3 Bc5 38. Nc2 Bd3 39. Ne1 Bd4 40. Rd1 Be5 41. Rgxd3 exd3 42.
h4 Rc5 43. a6 bxa6 44. Nxd3 Rd5 45. Kf1 Rc8 46. Ke2 Kg6 47. Nf4+ Bxf4 48. Rxd5 Bxg5
49. hxg5 Rc2+ 50. Kf3 Rc6 51. g4 Rc3+ 52. Kg2 fxg4 53. Rxd6+ Kxg5 54. Rxa6 Rc7 55.
Kg3 Rc3+ 56. Kg2 Rc7 57. Kg3  1/2-1/2

[Event "Summer Prague Open 2023 - B"]
[Site "Olympik hotel, Sokolovska 138, Praha"]
[Date "2023.08.06"]
[Round "3"]
[Board "2"]
[White "Jaeger, Andre"]
[Black "Cabela, Filip"]
[Result "1/2-1/2"]
[WhiteElo "1930"]
[BlackElo "1631"]
[PlyCount "74"]
[EventDate "2023.08.04"]
[EventRounds "9"]
[EventCountry "CZE"]

1. d4 Nf6 2. c4 e6 3. Nc3 Bb4 4. f3 O-O 5. a3 Bxc3+ 6. bxc3 Ne8 7. Nh3 b6 8. e4 Ba6
9. Bd3 Nc6 10. Qe2 Na5 11. e5 Qh4+ 12. Kf1 f6 13. Bf4 fxe5 14. Bg3 Qh6 15. dxe5 Nb3
16. Rd1 Bb7 17. Nf2 Nc5 18. Bc2 Qh5 19. Ne4 Nxe4 20. Bxe4 Bxe4 21. Qxe4 Rd8 22. Kf2
Qf5 23. Rhe1 Qxe4 24. Rxe4 h6 25. Ke3 g6 26. Bf2 Kf7 27. f4 Ng7 28. g4 g5 29. h4
gxf4+ 30. Rxf4+ Ke7 31. Rxf8 Rxf8 32. h5 d6 33. Bh4+ Kd7 34. Bg3 Ne8 35. Bf4 Rh8
36. Bg3 Kc6 37. Bf4 Rh7  1/2-1/2

[Event "Summer Prague Open 2023 - B"]
[Site "Olympik hotel, Sokolovska 138, Praha"]
[Date "2023.08.06"]
[Round "3"]
[Board "3"]
[White "Jankovsky, Zbynek"]
[Black "Chinguun, Otgonbayar"]
[Result "0-1"]
[WhiteElo "1604"]
[BlackElo "1914"]
[PlyCount "74"]
[EventDate "2023.08.04"]
[EventRounds "9"]
[EventCountry "CZE"]

1. e4 e6 2. d4 a6 3. Nf3 b5 4. Bd3 Bb7 5. O-O Nf6 6. Re1 Be7 7. h3 h6 8. Bf4 g5 9.
Be5 Nc6 10. Bxf6 Bxf6 11. e5 Bg7 12. c3 d6 13. exd6 Qxd6 14. Be4 O-O 15. Nbd2 f5
16. Bc2 Rae8 17. Nb3 Bc8 18. Nc5 e5 19. b4 e4 20. Nh2 Kh8 21. a4 Ne7 22. axb5 axb5
23. Bb3 Nd5 24. Bxd5 Qxd5 25. Qb3 Qxb3 26. Nxb3 Be6 27. Nc5 Bd5 28. Ra7 c6 29. Nf1
f4 30. g3 e3 31. fxe3 fxe3 32. Rxe3 Rxf1+ 33. Kxf1 Rxe3 34. Ra8+ Kh7 35. Nd7 Rxc3
36. Ra7 Kg6 37. Nb6 Bxd4  0-1

[Event "Summer Prague Open 2023 - B"]
[Site "Olympik hotel, Sokolovska 138, Praha"]
[Date "2023.08.06"]
[Round "3"]
[Board "4"]
[White "Karlsson, Henrik 1974"]
[Black "Guggenheim, Hans"]
[Result "0-1"]
[WhiteElo "1601"]
[BlackElo "1845"]
[PlyCount "46"]
[EventDate "2023.08.04"]
[EventRounds "9"]
[EventCountry "CZE"]

1. e4 c5 2. Nf3 g6 3. d4 cxd4 4. Nxd4 Nc6 5. Nc3 Bg7 6. Be3 Nf6 7. f3 O-O 8. Qd2
d5 9. exd5 Nxd5 10. Nxc6 bxc6 11. Bc4 Nxe3 12. Qxe3 Bf5 13. Bd3 Bxd3 14. Qxd3 Qb6
15. O-O-O Rab8 16. b3 Qb4 17. Nb1 Qa5 18. Rhe1 Qxa2 19. Rxe7 Bh6+ 20. Rd2 Rbd8 21.
Rd7 Qa5 22. Kd1 Bxd2 23. Nxd2 Rxd7  0-1

[Event "Summer Prague Open 2023 - B"]
[Site "Olympik hotel, Sokolovska 138, Praha"]
[Date "2023.08.06"]
[Round "3"]
[Board "5"]
[White "Samartzis, Mihail"]
[Black "Brabec, Simon"]
[Result "1-0"]
[WhiteElo "1786"]
[BlackElo "1521"]
[PlyCount "59"]
[EventDate "2023.08.04"]
[EventRounds "9"]
[EventCountry "CZE"]

1. d4 Nf6 2. c4 e6 3. Nc3 Bb4 4. Bg5 d5 5. cxd5 exd5 6. e3 h6 7. Bh4 g5 8. Bg3 Bf5
9. Qa4+ Nc6 10. Bb5 Bxc3+ 11. bxc3 Bd7 12. Qa3 Ne4 13. Ne2 Qf6 14. O-O Nxg3 15. Nxg3
h5 16. e4 h4 17. exd5 hxg3 18. dxc6 gxh2+ 19. Kh1 bxc6 20. Rae1+ Kd8 21. Ba6 Qd6
22. Qb3 Be6 23. c4 c5 24. Qf3 c6 25. dxc5 Qxc5 26. Rb1 Ke8 27. Qf6 Qf8 28. Bb7 Rh6
29. Bxc6+ Bd7 30. Rfe1+  1-0

[Event "Summer Prague Open 2023 - B"]
[Site "Olympik hotel, Sokolovska 138, Praha"]
[Date "2023.08.06"]
[Round "3"]
[Board "6"]
[White "Sterba, Erik"]
[Black "Nguyen, Thai Dang Vi"]
[Result "1-0"]
[WhiteElo "1761"]
[BlackElo "1505"]
[PlyCount "59"]
[EventDate "2023.08.04"]
[EventRounds "9"]
[EventCountry "CZE"]

1. d4 d5 2. c4 dxc4 3. e3 e5 4. Bxc4 exd4 5. exd4 Bb4+ 6. Nc3 Qe7+ 7. Be3 Nf6 8.
Nf3 Bg4 9. Qa4+ c6 10. Qb3 Bxf3 11. gxf3 Nbd7 12. Bxf7+ Qxf7 13. Qxb4 Nb6 14. Ne4
Nxe4 15. fxe4 O-O-O 16. d5 cxd5 17. Bxb6 axb6 18. Rc1+ Kb8 19. Qxb6 Rhe8 20. Rg1
Rxe4+ 21. Kf1 Rd7 22. Rg3 d4 23. Ra3 Rc7 24. Ra8+ Kxa8 25. Rxc7 Qxc7 26. Qxc7 d3
27. Qd8+ Ka7 28. Qxd3 Rh4 29. Qa3+ Kb8 30. Qg3+  1-0

[Event "Summer Prague Open 2023 - B"]
[Site "Olympik hotel, Sokolovska 138, Praha"]
[Date "2023.08.06"]
[Round "3"]
[Board "7"]
[White "Bondarenko, Vova"]
[Black "Andersson, Mitchell"]
[Result "0-1"]
[WhiteElo "1545"]
[BlackElo "1757"]
[PlyCount "52"]
[EventDate "2023.08.04"]
[EventRounds "9"]
[EventCountry "CZE"]

1. e4 e5 2. Nf3 Nc6 3. d4 exd4 4. Nxd4 Nf6 5. Nxc6 bxc6 6. e5 Qe7 7. Qe2 Nd5 8. Bd2
f6 9. exf6 Nxf6 10. Nc3 d5 11. O-O-O Qxe2 12. Bxe2 Bd6 13. Rhe1 O-O 14. h3 Bd7 15.
Bf3 Rab8 16. Be3 a5 17. Na4 Rb4 18. Nc5 Bf5 19. c3 Rb5 20. g4 Bg6 21. Ne6 Rfb8 22.
Re2 Ne4 23. Nd4 Rxb2 24. Bxe4 Rxe2 25. Nxe2 Bxe4 26. a4 Rb3  0-1

[Event "Summer Prague Open 2023 - B"]
[Site "Olympik hotel, Sokolovska 138, Praha"]
[Date "2023.08.06"]
[Round "3"]
[Board "8"]
[White "Ashton, Alannah"]
[Black "Perrin, Brent"]
[Result "0-1"]
[WhiteElo "1499"]
[BlackElo "1748"]
[PlyCount "86"]
[EventDate "2023.08.04"]
[EventRounds "9"]
[EventCountry "CZE"]

1. e4 e6 2. d4 d5 3. e5 c5 4. c3 Nc6 5. Nf3 Bd7 6. Be2 Nge7 7. Na3 cxd4 8. cxd4 Nf5
9. Nc2 Qb6 10. O-O Na5 11. Ne3 Nxe3 12. Bxe3 Qxb2 13. Rb1 Qa3 14. Qd3 Qxd3 15. Bxd3
Bc6 16. Bb5 Bxb5 17. Rxb5 b6 18. Rc1 Nc4 19. Nd2 Nxd2 20. Bxd2 Kd7 21. Rb3 Be7 22.
Rg3 Rhg8 23. Kf1 f5 24. exf6 Bxf6 25. Rgc3 Rac8 26. Bf4 Rxc3 27. Rxc3 Rc8 28. Rxc8
Kxc8 29. Be5 Bxe5 30. dxe5 Kd7 31. Ke2 Kc6 32. f4 d4 33. Kd3 Kd5 34. a4 a6 35. g3
b5 36. axb5 axb5 37. h3 b4 38. h4 h5 39. Kc2 Ke4 40. Kd1 b3 41. Kd2 g6 42. Kd1 d3
43. Kc1 Kf3  0-1

[Event "Summer Prague Open 2023 - B"]
[Site "Olympik hotel, Sokolovska 138, Praha"]
[Date "2023.08.06"]
[Round "3"]
[Board "9"]
[White "Levitan, Liel"]
[Black "Shtyntsov, Victor"]
[Result "0-1"]
[WhiteElo "1283"]
[BlackElo "1819"]
[PlyCount "76"]
[EventDate "2023.08.04"]
[EventRounds "9"]
[EventCountry "CZE"]

1. e4 c5 2. c3 d6 3. d4 cxd4 4. cxd4 g6 5. Nc3 Bg7 6. Nf3 Nc6 7. Be2 Nf6 8. h3 O-O
9. Be3 Qa5 10. Qd2 a6 11. O-O d5 12. e5 Ne8 13. b4 Nxb4 14. Nxd5 Qxd5 15. Qxb4 e6
16. Bc4 Qd8 17. Rfd1 b5 18. Bb3 Nc7 19. Qd2 Bb7 20. Ne1 Nd5 21. Bh6 Qb6 22. Rac1
b4 23. Bxg7 Kxg7 24. Nc2 Nc3 25. Re1 a5 26. a3 Ne4 27. Qd3 a4 28. Bc4 b3 29. Nb4
Rfd8 30. Rxe4 Bxe4 31. Qxe4 Qxd4 32. Qxd4 Rxd4 33. Nd3 Rc8 34. Nb2 Rd2 35. Rb1 Rxb2
36. Rxb2 Rxc4 37. Kf1 Rc2 38. Rb1 b2  0-1

[Event "Summer Prague Open 2023 - B"]
[Site "Olympik hotel, Sokolovska 138, Praha"]
[Date "2023.08.06"]
[Round "3"]
[Board "10"]
[White "Potuznik, Cenek"]
[Black "Kalvach, Ladislav"]
[Result "1/2-1/2"]
[WhiteElo "1499"]
[BlackElo "1769"]
[PlyCount "246"]
[EventDate "2023.08.04"]
[EventRounds "9"]
[EventCountry "CZE"]

1. e4 c5 2. c3 Nf6 3. e5 Nd5 4. d4 cxd4 5. Nf3 Nc6 6. Bc4 e6 7. cxd4 Bb4+ 8. Bd2
Nb6 9. Bb3 d6 10. Bxb4 Nxb4 11. Nc3 dxe5 12. Nxe5 O-O 13. O-O Bd7 14. Qd2 Rc8 15.
Rac1 Nc6 16. Nxd7 Qxd7 17. Rfd1 Rfd8 18. Ne2 Qe7 19. Rc3 Nd5 20. Rh3 h6 21. Qd3 Nf6
22. Qg3 Kf8 23. Qe3 Nb4 24. Nf4 Nbd5 25. Qe5 Nxf4 26. Qxf4 Qd6 27. Qd2 Rc7 28. Qe2
Rdc8 29. Qe1 Nd5 30. a3 b6 31. Rf3 a5 32. Rfd3 Nf4 33. Re3 Qc6 34. Rf3 Qd6 35. g3
Nh3+ 36. Kg2 Ng5 37. Rf4 Nh7 38. Bxe6 Re7 39. d5 Rce8 40. Qc3 Ng5 41. Qc2 Nxe6 42.
dxe6 Qxe6 43. Qh7 $11 Qc6+ 44. Kh3 f6 45. Rg4 Qe6 46. Rd3 Qg8 47. Qf5 Re5 48. Qd7
h5 49. Qd6+ Kf7 50. Rh4 R8e6 51. Qc7+ Kg6 52. Qc2 f5 53. Qb3 Qc8 54. Qd1 f4 55. g4
Rc6 56. Rd6+ Re6 57. gxh5+ Kh6 58. Rxe6+ Qxe6+ 59. Qg4 Qb3+ 60. f3 Qc4 61. Qxf4+
Qxf4 62. Rxf4 Kxh5 63. Rg4 g5 64. Rg2 Rd6 65. Re2 Rd5 66. Re6 Rb5 67. Re2 Rb3 68.
Kg3 Rd3 69. Rc2 Rb3 70. Re2 b5 71. Rc2 b4 72. a4 Rd3 73. Rc5 Rb3 74. Rxa5 Rxb2 75.
Rb5 Kh6 76. a5 Ra2 77. Rxb4 Rxa5 78. h4 Kh5 79. Rg4 gxh4+ 80. Rxh4+ Kg6 81. Re4 Kf5
82. Rh4 Kg6 83. Rf4 Kg5 $11 84. Rc4 Kf5 85. Kh4 Ra3 86. Kg3 Ra5 87. Rc8 Ra4 88. Rc5+
Kf6 89. Rh5 Ra3 90. Kg4 Ra1 91. Rh3 Kg6 92. f4 Ra4 93. Re3 Kf6 94. Re8 Rb4 95. Rf8+
Kg6 96. Rf5 Rb1 97. Rf8 Rb4 98. Rc8 Ra4 99. Rc6+ Kf7 100. Kg5 Ra1 101. Rc5 Rd1 102.
Kf5 Rd7 103. Ke5 Rb7 104. Rd5 Ra7 105. f5 Re7+ 106. Kf4 Ra7 107. Kg5 Kg7 108. Re5
Kf7 109. Re6 Ra5 110. Rf6+ Kg7 111. Rg6+ Kf7 112. Re6 Rb5 113. Rh6 Kg7 114. Rf6 Ra5
115. Re6 Kf7 116. Rb6 Ra7 117. Kh6 Ra5 118. Kg5 Ra7 119. Rb8 Rc7 120. Rh8 Kg7 121.
Rh6 Rc5 122. Rh4 Ra5 123. Rf4 Rb5  1/2-1/2

[Event "Summer Prague Open 2023 - B"]
[Site "Olympik hotel, Sokolovska 138, Praha"]
[Date "2023.08.06"]
[Round "4"]
[Board "1"]
[White "Chinguun, Otgonbayar"]
[Black "Sterba, Erik"]
[Result "1-0"]
[WhiteElo "1914"]
[BlackElo "1761"]
[PlyCount "61"]
[EventDate "2023.08.04"]
[EventRounds "9"]
[EventCountry "CZE"]

1. d4 Nf6 2. c4 e6 3. Nf3 b6 4. g3 Bb4+ 5. Bd2 Be7 6. Bg2 Bb7 7. O-O O-O 8. Nc3 Ne4
9. Qc2 Nxd2 10. Qxd2 f5 11. d5 Bf6 12. Rad1 Na6 13. Rfe1 Nc5 14. Nd4 g6 15. b4 e5
16. Nxf5 gxf5 17. bxc5 bxc5 18. e4 f4 19. gxf4 exf4 20. e5 Bg5 21. Bf3 Ba6 22. Kh1
Bxc4 23. Ne4 Bh6 24. Rg1+ Kh8 25. Qc3 Bg7 26. Rxg7 Kxg7 27. Rg1+ Kh6 28. Qxc4 Rg8
29. Nf6 Rxg1+ 30. Kxg1 Kg5 31. h4+  1-0

[Event "Summer Prague Open 2023 - B"]
[Site "Olympik hotel, Sokolovska 138, Praha"]
[Date "2023.08.06"]
[Round "4"]
[Board "2"]
[White "Andersson, Mitchell"]
[Black "Samartzis, Mihail"]
[Result "1/2-1/2"]
[WhiteElo "1757"]
[BlackElo "1786"]
[PlyCount "67"]
[EventDate "2023.08.04"]
[EventRounds "9"]
[EventCountry "CZE"]

1. e4 e6 2. d4 d5 3. Nd2 c5 4. Ngf3 cxd4 5. Nxd4 Nc6 6. Bb5 Bd7 7. Nxc6 bxc6 8. Bd3
Bd6 9. Nf3 Qc7 10. Qe2 dxe4 11. Bxe4 Nf6 12. Bd3 O-O 13. g4 Nxg4 14. h3 Nf6 15. Bg5
Nd5 16. Qe4 f5 17. Qh4 e5 18. Bc4 Rab8 19. Bb3 Kh8 20. Rg1 Be6 21. Bd2 Bg8 22. O-O-O
a5 23. Rg2 e4 24. Bxd5 cxd5 25. Bc3 Bf4+ 26. Nd2 Be5 27. Bxe5 Qxe5 28. Nb3 d4 29.
Nxd4 Bxa2 30. Qg3 Qxg3 31. Rxg3 Bg8 32. Ra3 f4 33. Rxa5 Rbe8 34. Re1  1/2-1/2

[Event "Summer Prague Open 2023 - B"]
[Site "Olympik hotel, Sokolovska 138, Praha"]
[Date "2023.08.06"]
[Round "4"]
[Board "3"]
[White "Perrin, Brent"]
[Black "Ilandzis, Spyridon"]
[Result "0-1"]
[WhiteElo "1748"]
[BlackElo "1936"]
[PlyCount "122"]
[EventDate "2023.08.04"]
[EventRounds "9"]
[EventCountry "CZE"]

1. e4 d5 2. exd5 Qxd5 3. Nc3 Qa5 4. Bc4 Nf6 5. d3 Bg4 6. f3 Bf5 7. Bd2 e6 8. Nd5
Qc5 9. Bb4 Qc6 10. Nxf6+ gxf6 11. Bxf8 Rxf8 12. Ne2 Qb6 13. Bb3 a5 14. Nc3 Nd7 15.
Qe2 O-O-O 16. O-O-O Nc5 17. Bc4 h5 18. h3 h4 19. Ne4 e5 20. Rhf1 Na4 21. Bb3 Qc6
22. Qe1 Be6 23. Qxh4 Nb6 24. Qxf6 Bxb3 25. Qxc6 bxc6 26. axb3 Nd5 27. Rde1 Nf4 28.
Nf2 f6 29. g3 Nh5 30. g4 Nf4 31. h4 Ng2 32. Re4 Nxh4 33. Nd1 Kd7 34. Ne3 Ke6 35.
Ra4 Rd4 36. Rxa5 Rf4 37. Ra4 Rxf3 38. Rxf3 Nxf3 39. c3 Rd8 40. Kc2 Ne1+ 41. Kb1 Rxd3
42. Re4 Nf3 43. Kc2 Rd2+ 44. Kc1 Re2 45. Kd1 Rxb2 46. b4 Nd2 47. Nc4 Nxe4 48. Nxb2
Nxc3+ 49. Kc2 Nd5 50. Kb3 Ne3 51. Nd3 Nxg4 52. Kc4 Kd6 53. Nc5 Ne3+ 54. Kd3 Nd5 55.
Kc4 Nb6+ 56. Kd3 Kd5 57. Na6 Kd6 58. Nc5 f5 59. Na6 Nd5 60. Kc4 e4 61. Kd4 Nxb4  0-1